A Day In The Life - The Beatles full Lyrics - Statistics

General Stats
  • This quiz has been taken 40 times
  • The average score is 177 of 215
Answer Stats
Answer % Correct
boy,
100%
boy.
100%
I
100%
news
100%
oh,
100%
the
100%
The
100%
to
100%
today,
100%
who
100%
a
97%
A
97%
on...
97%
read
97%
turn
97%
you
97%
About
93%
And
93%
and
93%
had
93%
He
93%
he
93%
I'd
93%
love
93%
man
93%
of
93%
war.
93%
in
90%
just
90%
laugh.
90%
lucky
90%
out
90%
saw
90%
won
90%
car,
86%
English
86%
film
86%
made
86%
Made
86%
people
86%
sad,
86%
stood
86%
was
86%
army
83%
bed,
83%
crowd
83%
dream:
83%
mind
83%
rather
83%
stared,
83%
up,
83%
blew
79%
changed.
79%
didn't
79%
his
79%
House
79%
into
79%
lights
79%
notice
79%
Woke
79%
grade.
76%
having
76%
head,
76%
holes
76%
my
76%
photograph.
76%
that
76%
They
76%
they
76%
though
76%
turned
76%
across
72%
away,
72%
bus
72%
it
72%
know
72%
Lords.
72%
spoke
72%
Ah,
69%
ah-ah-ah,
69%
ah-ah-ah x6
69%
all,
69%
book.
69%
comb
69%
count
69%
from
69%
how
69%
look,
69%
many
69%
takes
69%
went
69%
But
66%
Dragged
66%
fill
66%
Now
66%
small,
66%
smoke,
66%
somebody
66%
them
66%
well,
66%
cup,
62%
fell
62%
Hall.
62%
seconds
62%
were
62%
Albert
59%
flat,
59%
if
59%
late.
59%
Nobody
59%
sure
59%
thousand
59%
drank
55%
hat,
55%
Lancashire.
55%
looking
55%
noticed
55%
really
55%
before,
52%
Blackburn,
52%
downstairs
52%
face
52%
seen
52%
way
52%
coat
48%
They'd
48%
upstairs
48%
grabbed
45%
Found
41%
Four
41%
No matching quizzes found
Score Distribution
Percent of People with Each Score
Percentile by Number Answered
Your Score History
You have not taken this quiz